| 000 | 00687nam a2200217Ia 4500 | ||
|---|---|---|---|
| 008 | 160114s9999 xx 000 0 und d | ||
| 020 | _a0-736423710 | ||
| 050 | _aFic | ||
| 050 | _b.T487t 2006 | ||
| 100 | _aThorpe, Kiki. | ||
| 245 | 4 |
_aThe trouble with Tink / _cwritten by Kiki Thorpe ; illustrated by Judith Holmes Clarke & the Disney Storybook artists. |
|
| 260 |
_aNew York : _b Random House. _c2006 |
||
| 300 |
_a109 pages; _bcolor illustrations ; _c20 cm. |
||
| 440 | _aDisney fairies. | ||
| 650 | _a Fairies -- | ||
| 650 | _aFriendship -- | ||
| 650 | _aLost articles -- | ||
| 650 | _xJuvenile fiction. | ||
| 650 | _xJuvenile fiction. | ||
| 650 | _xJuvenile fiction. | ||
| 999 |
_c290385 _d290385 |
||